000 00221 a2200109 4500
020 _a9781605377544
041 _aspa
100 _aBerg, Esther van den
245 _aHop aprende a nadar
942 _cBK
999 _c29933
_d29931
999 _d29931